The Concept of Purity at Qumran and in the Letters of Paul : (Record no. 606888)

MARC details
000 -LEADER
fixed length control field 00538nam a2200193 a 4500
008 - FIXED-LENGTH DATA ELEMENTS--GENERAL INFORMATION
fixed length control field 260103s2005##################000#0#eng##
020 ## - INTERNATIONAL STANDARD BOOK NUMBER
ISBN 9780521020589
082 04 - DEWEY DECIMAL CLASSIFICATION NUMBER
Classification number 296.155
Item number NEW
100 1# - MAIN ENTRY--AUTHOR NAME
Personal name Newton, Michael,
245 10 - TITLE STATEMENT
Title The Concept of Purity at Qumran and in the Letters of Paul :
260 ## - PUBLICATION, DISTRIBUTION, ETC. (IMPRINT)
Name of publisher Cambridge University Press,
Year of publication 2005.
300 ## - PHYSICAL DESCRIPTION
Number of Pages 188 pages
650 #0 - SUBJECT ADDED ENTRY--TOPICAL TERM
Topical Term Bibles.
942 ## - ADDED ENTRY ELEMENTS (KOHA)
Koha item type English Books
Holdings
Withdrawn status Lost status Damaged status Not for loan Home library Current library Shelving location Date acquired Full call number Accession Number Price effective from Koha item type
        Anna Centenary Library Anna Centenary Library 3RD FLOOR, B WING 03.01.2026 296.155 NEW 236876 03.01.2026 English Books

Find us on the map